Hilvanando nuestra historia: relatos feministas /
Esta investigación tiene como objetivo visibilizar las historias de las organizaciones feministas y sus lideresas, entendidas como actoras políticas clave en los principales cambios culturales producidos en Costa Rica en los últimos 40 años, a favor de los derechos de las mujeres y de una cultura de...
Sábháilte in:
| Príomhchruthaitheoir: | |
|---|---|
| Rannpháirtithe: | , , , , |
| Formáid: | Anaithnid |
| Teanga: | Spanish |
| Foilsithe / Cruthaithe: |
Costa Rica :
INAMU
|
| Sraith: | Colección Haciendo Historia
|
| Ábhair: | |
| Clibeanna: |
Cuir clib leis
Níl clibeanna ann, Bí ar an gcéad duine le clib a chur leis an taifead seo!
|
MARC
| LEADER | 00000 a2200000 04500 | ||
|---|---|---|---|
| 001 | 44495 | ||
| 003 | |||
| 008 | 050703s2011 cr spa d | ||
| 040 | |||
| 020 | |a 978-9968-25-235-5 | ||
| 022 | |a 978-9968-25-235-5 | ||
| 090 | |a 0007 I59h | ||
| 100 | |a Camacho De la O, Ana Lorena, |e coordinadora | ||
| 245 | |a Hilvanando nuestra historia: |b relatos feministas / |c Ana Lorena Camacho De la O, Maylin Cordero Gamboa, Yensy Herrera Vega, Evelyn Piedra Rodríguez, Saskia Salas Calderón, Gina Valitutti Chavarría | ||
| 260 | |a Costa Rica : |b INAMU | ||
| 300 | |a 263 páginas | ||
| 440 | |a Colección Haciendo Historia | ||
| 520 | |a Esta investigación tiene como objetivo visibilizar las historias de las organizaciones feministas y sus lideresas, entendidas como actoras políticas clave en los principales cambios culturales producidos en Costa Rica en los últimos 40 años, a favor de los derechos de las mujeres y de una cultura de igualdad y equidad de género. El período que abarca la investigación, comprendido entre 1980 y 2005, está determinado por el surgimiento de las organizaciones, grupos o coordinaciones autodefinidas como feministas. La investigación se desarrolla según la década de los 80, 90 y 2000, mostrando el relato en torno a la aparición de las organizaciones y sus luchas, a partir de las expresiones y opiniones de las mujeres entrevistadas. Finaliza con un apartado referente a los liderazgos, aprendizajes, vivencias y contribuciones del feminismo como movimiento transformador y una opción de vida, así como con un acercamiento a algunas producciones de las organizaciones. | ||
| 590 | |a AMB/JUNIO2014 | ||
| 650 | |a A)MUJERES | ||
| 650 | |a B)FEMINISMO | ||
| 650 | |a C)PARTICIPACION POLITICA | ||
| 650 | |a D)ACCION COLECTIVA (CIDCACS) | ||
| 650 | |a E)MOVIMIENTO DE MUJERES (CIDCACS) | ||
| 650 | |a F)ORGANIZACIONES FEMENINAS | ||
| 650 | |a G)PARTICIPACION DE LA MUJER | ||
| 650 | |a H)MEMORIA COLECTIVA (CIDCACS) | ||
| 650 | |a I)INCLUSION SOCIAL (CIDCACS) | ||
| 650 | |a J)COSTA RICA | ||
| 700 | |a Cordero Gamboa, Maylin | ||
| 700 | |a Herrera Vega, Yensy | ||
| 700 | |a Piedra Rodríguez, Evelyn | ||
| 700 | |a Salas Calderón, Saskia | ||
| 700 | |a Valitutti Chavarría, Gina | ||
| 999 | |c 2543 |d 2543 | ||



